| 000 | 00733 a2200217 4500 | ||
|---|---|---|---|
| 003 | UA-OsUOA | ||
| 005 | 20260306103734.0 | ||
| 008 | 260306b un ||||| |||| 00| 0 ukr d | ||
| 020 | _a5333014468 | ||
| 040 |
_bukr _cUA-OsUOA |
||
| 080 | _a82.09-6 | ||
| 090 |
_a82.09-6 _bФ91 |
||
| 100 |
_aФролова К. П. _924304 |
||
| 245 |
_aЦікаве літературознавство _cК. П. Фролова |
||
| 260 |
_aК. _bОсвіта _c1991 |
||
| 300 | _a192 с. | ||
| 650 |
_a82 Література. Літературознавство _915 |
||
| 942 |
_cBK _2udc |
||
| 955 | _a2 | ||
| 999 |
_c579996 _d579996 |
||